000 00557nam a2200121Ia 4500
008 160712s9999 xx 000 0 und d
100 _aMagdalita, pablito M.
245 _cPablito M. Magdalita,
_aInfluence of Changing Rainfall Patterns on the Yield of Rambutan (Nephelium lappaceum L.) and Selection of Genotypes in Known Drought-tolerant Fruit Species for Climate Change Adaptation
260 _c2015
_bScience Diliman
300 _avol. 27 no. 1
650 _xSCIENCE
856 _uhttp://journals.upd.edu.ph/index.php/sciencediliman/issue/view/480/showToc
999 _c297106
_d297106